| 000 | 00423 a2200133 4500 | ||
|---|---|---|---|
| 001 | 90536 | ||
| 082 | _aPR 948 | ||
| 090 |
_c42870 _d42870 |
||
| 100 | _aShahbaz ahmad; Basharat ullah Malik; Zaffir & Paracha NB, advisors | ||
| 245 |
_aStudy of the behavior of material and laminate strength analysis _nG-26 |
||
| 260 |
_aKarachi _bNED University _c1987 |
||
| 300 |
_aviii, 150 p. _bhand written |
||
| 500 | _aBE Project Reports | ||
| 942 |
_aCAE NUST _kPR 948 |
||
| 999 |
_c325609 _d325609 |
||